000 00571nam a2200205Ia 4500
005 20230503091041.0
008 230125s9999 xx 000 0 und d
020 _a9788178817231
041 _aeng
082 _a658.3124
_bRAJ
100 _aRaju P V L, Ed.
245 _aTraining : Needs and Evaluation
250 _a1st Ed.
260 _c2005
_bICFAI publication
_aHyderabad
300 _a183p
500 _aTraining;ICFAI Series Book
650 _aTraining;ICFAI Series Book
_9181352
700 _aRaju P V L, Ed. & Abhyankar M W, Donor
_9115871
942 _cDB
999 _c93640
_d93640